[Event "Weiz op 13th"]
[Site "Weiz"]
[Date "2014.06.27"]
[Round "2.2"]
[White "Higatsberger, Michael"]
[Black "Hagmueller, Josef"]
[Result "1-0"]
[WhiteElo "2178"]
[BlackElo "1867"]
[PlyCount "49"]
[EventDate "2014.06.26"]
[EventType "swiss"]
[EventRounds "5"]
[EventCountry "AUT"]
[SourceTitle "EXT 2024"]
[Source "ChessBase"]
[SourceDate "2023.10.10"]
[SourceVersion "1"]
[SourceVersionDate "2023.10.10"]
[SourceQuality "1"]

1. e4 e6 2. d4 d5 3. e5 c5 4. c3 Bd7 5. Nf3 Nc6 6. a3 c4 7. b4 Be7 8. g3 f6 9. Bg2 h5 10. Nh4 g5 11. Ng6 Rh6 12. Nxe7 Qxe7 13. exf6 Nxf6 14. Bxg5 Rh8 15. Qf3 Kf7 16. Nd2 Kg6 17. h4 e5 18. Bxf6 Qxf6 19. Qxf6+ Kxf6 20. Bxd5 exd4 21. Nxc4 dxc3 22. 0-0-0 a5 23. b5 Ne7 24. Bxb7 Rab8 25. Rxd7 1-0

[Event "Neumarkt am Wallersee op 11th"]
[Site "Neumarkt am Wallersee"]
[Date "2012.09.02"]
[Round "9"]
[White "Melde, Volker"]
[Black "Hagmueller, Josef"]
[Result "1-0"]
[WhiteElo "1939"]
[BlackElo "1849"]
[PlyCount "92"]
[EventDate "2012.08.26"]
[EventType "swiss"]
[EventRounds "9"]
[EventCountry "AUT"]
[SourceTitle "EXT 2013"]
[Source "ChessBase"]
[SourceDate "2012.11.22"]
[SourceVersion "1"]
[SourceVersionDate "2012.11.22"]
[SourceQuality "1"]

1. e4 e6 2. d4 d5 3. e5 c5 4. c3 Nc6 5. Nf3 Bd7 6. Be2 Qc7 7. 0-0 f6 8. Bf4 0-0-0 9. Bg3 f5 10. dxc5 Bxc5 11. b4 Be7 12. b5 Na5 13. Nd4 g5 14. f4 Qb6 15. a4 g4 16. Bf2 Qc7 17. Nd2 Bc5 18. N2b3 Nxb3 19. Qxb3 b6 20. Rfc1 Ne7 21. c4 Kb8 22. g3 Bc8 23. Kf1 Qd7 24. cxd5 Bxd4 25. Bxd4 Qxd5 26. Qxd5 Nxd5 27. Bf2 Bb7 28. a5 Rc8 29. Bc4 Rhe8 30. Ke2 bxa5 31. Rxa5 Nb6 32. Bxb6 axb6 33. Ra3 Bd5 34. Bxd5 Rxc1 35. Ra8+ Kc7 36. Rxe8 exd5 37. Re7+ Kc8 38. Rxh7 Rb1 39. Kd3 Rxb5 40. Kd4 Ra5 41. Rf7 Ra2 42. Kxd5 Rxh2 43. Kc6 Rh6+ 44. Kb5 Rh3 45. Rxf5 Rxg3 46. Kxb6 Kd7 1-0

[Event "Neumarkt am Wallersee op 11th"]
[Site "Neumarkt am Wallersee"]
[Date "2012.08.31"]
[Round "7"]
[White "Kuecher, Wolfgang"]
[Black "Hagmueller, Josef"]
[Result "1-0"]
[WhiteElo "2075"]
[BlackElo "1849"]
[PlyCount "80"]
[EventDate "2012.08.26"]
[EventType "swiss"]
[EventRounds "9"]
[EventCountry "AUT"]
[SourceTitle "EXT 2013"]
[Source "ChessBase"]
[SourceDate "2012.11.22"]
[SourceVersion "1"]
[SourceVersionDate "2012.11.22"]
[SourceQuality "1"]

1. d4 e6 2. Nf3 Nf6 3. Bg5 d5 4. e3 c5 5. c4 cxd4 6. exd4 Qa5+ 7. Bd2 Bb4 8. Nc3 0-0 9. a3 Bxc3 10. Bxc3 Qd8 11. Bd3 b6 12. b3 Nc6 13. 0-0 Bb7 14. Qc2 a5 15. c5 bxc5 16. dxc5 d4 17. Bd2 Ba6 18. Bxa6 Rxa6 19. b4 axb4 20. axb4 Qa8 21. Qb2 Rb8 22. Nxd4 Nd5 23. Rxa6 Qxa6 24. Ra1 Qb7 25. Rb1 Nxd4 26. Qxd4 Qb5 27. h3 Ra8 28. Ra1 Rb8 29. Be3 Rc8 30. Bd2 h6 31. Bc3 Nxc3 32. Qxc3 Rb8 33. c6 Rc8 34. Rc1 f6 35. Qc5 Qxc5 36. Rxc5 Kf7 37. b5 Ke7 38. b6 Kd6 39. b7 Rf8 40. c7 Kxc5 1-0

[Event "Neumarkt am Wallersee op 11th"]
[Site "Neumarkt am Wallersee"]
[Date "2012.08.29"]
[Round "5"]
[White "Hagmueller, Josef"]
[Black "Pruesse, Horst"]
[Result "0-1"]
[WhiteElo "1849"]
[BlackElo "2069"]
[PlyCount "46"]
[EventDate "2012.08.26"]
[EventType "swiss"]
[EventRounds "9"]
[EventCountry "AUT"]
[SourceTitle "EXT 2013"]
[Source "ChessBase"]
[SourceDate "2012.11.22"]
[SourceVersion "1"]
[SourceVersionDate "2012.11.22"]
[SourceQuality "1"]

1. c4 e5 2. Nc3 Nc6 3. b3 f5 4. e3 Bc5 5. Na4 d6 6. Nxc5 dxc5 7. a3 Nf6 8. Bb2 0-0 9. Qc2 a5 10. Ne2 Qe8 11. Nc3 Be6 12. Be2 Qg6 13. g3 e4 14. 0-0 Nh5 15. d3 f4 16. exf4 Nxf4 17. dxe4 Nd4 18. Qd2 Rad8 19. Kh1 Ndxe2 20. Qe3 Rd3 21. Qxc5 Rxc3 22. gxf4 Nxf4 23. Rg1 Qxe4+ 0-1